000 00494nam a2200169Ia 4500
999 _c27524
_d27524
003 OSt
005 20210108160609.0
008 190216s9999||||xx |||||||||||||| ||und||
040 _coclc894.812301
082 _a894.812301
_bMUH/K
100 _aMuhammed, K T
_98275
245 0 _aKaliyum Karyavum /
_cK T Muhammed
260 _bPoorna Publications,
_a Kozhikode:
_c1989.
300 _a87p
650 _aKathakal
942 _cBK
_2ddc
_h894.812301
_iMUH/K
_k894.812301
_mMUH/K